000 00487nam a2200157 a 4500
001 000027088
005 20200930030608.0
008 110329s1979 dr ac 000 0 spa d
040 _aDO-SdBNP
_bspa
_cBNPHU
082 _axxxx
_bC957j
100 1 _aCruz, Hector J.
_945957
245 1 0 _aJuegos deportivos nacionales :
_btres certámenes a través de 40 años /
_cHector J. Cruz.
260 _aSanto Domingo :
_bServicio Integrado,
_c1979.
300 _a168 p. :
_bil., retr.
049 _aBNPD
999 _c26580
_d26580